000 00293nam a2200109 a 4500
005 20201002034123.0
008 130823s2008 000 spa d
020 _a9789703243884
245 3 _aLa presión atmosférica y la caída de los cuerpos.
260 _aMéxico,
_c2008.
999 _c39904
_d39904
040 _aDO-SdBNP